[Event "GER-ch 70th"]
[Site "Bremen"]
[Date "1998.11.09"]
[Round "4"]
[White "Jussupow, Artur"]
[Black "Enders, Peter"]
[Result "0-1"]
[WhiteElo "2640"]
[BlackElo "2485"]
[Annotator "Wells,P"]
[PlyCount "116"]
[EventDate "1998.11.06"]
[EventType "swiss"]
[EventRounds "9"]
[EventCountry "GER"]
[SourceTitle "CBM 068"]
[Source "ChessBase"]
[SourceDate "1999.02.01"]
[SourceVersion "1"]
[SourceVersionDate "1999.02.01"]
[SourceQuality "1"]

{[%mdl 1]} 1. d4 {Knaak} Nf6 2. c4 e6 3. Nc3 Bb4 4. e3 c5 5. Bd3 Nc6 6. Nf3
cxd4 7. exd4 d5 8. O-O dxc4 9. Bxc4 h6 $5 {You have to hand it to Peter
Enders! It is hard enough to reach a completely new position after only 9
moves these days, but to then win with black against a Grandmaster whose
understanding of chess is in the very top flight is quite an achievement.
Enders is one of those players for whom apparent fearlessness can on occasions
prove his downfall, but is frequently too his greatest asset.  The move is a
declaration of intent to capture on c3. Since blacks' knight stands on c6
rather d7, black cannot afford to exchange on c3 and allow white to play
Bc1-g5 since the pin would be very likely to prove intolerable. Although this
position is completely new as far as I can see, the idea is not unknown. Now
would be a good moment to look at a couple of other treatments, which might
perhaps give a clue as to white's best course: Knaak: 'Diesen Zug würde ich
zumindest als sehr gewagt bezeichnen, aber mit dem Erfolgreichen läßt sich
schlecht hadern.'} (9... O-O 10. a3 Bxc3 11. bxc3 h6 12. Qd3 (12. Bb2 $5 b6 13.
Bd3 Bb7 14. c4 {This plan deserves consideration. The pressure mustered
against white's hanging pawns is not particularly great, and the potential
potency of white's bishop pair seems greater than in some other set-ups.} Rc8
15. Rc1 Na5 16. Re1 Re8 17. Ne5 Nc6 18. Bb1 Nxe5 19. Rxe5 Nd7 20. Re3 b5 $5 {
[%csl Gd5]} 21. d5 $5 {[%csl Rg7][%cal Yb2g7]} (21. cxb5 $1 {the d5 square
does not look sufficient compensation, and if} Qg5 22. Qf1 $14) 21... bxc4 22.
dxe6 Rxe6 23. Rg3 (23. Rxe6 fxe6 24. Qg4 Qg5 25. Qxe6+ Kh8 26. Qg6 $13) 23...
Ne5 24. Bf5 Rd6 25. Qe1 $1 (25. Rxg7+ $6 Kf8 $1 26. Qh5 c3 $132 27. Rh7 $140
Qa5 $1) 25... Rc5 26. Rxg7+ (26. Bxe5 Rxe5 27. Qxe5 Rd1+ 28. Qe1 Rxe1+ 29. Rxe1
g6 $15 {[%csl Gc4][%cal Gc4c3]}) 26... Kxg7 27. Bxe5+ f6 28. Bxd6 Qxd6 29. Rd1
Qc7 $4 (29... Re5 $13) 30. Rd7+ {1-0 Marinelli,T-Morin,Y/Cannes 1995/CBM 46
ext.}) 12... b6 13. Bf4 $5 {[%csl Yc7,Yd6] I also have some sympathy for this
idea. White takes key squares away from black's queen, and in some cases may
prepare Ne5 and recapture with the bishop. Black's coming ...Nh5 at least
misplaces his knight.} Bb7 14. Rfe1 Nh5 15. Bd2 Qf6 $6 16. Ba2 Ne7 17. Ne5 $14
{Clement Gomez,J (2200)-Carlier,B (2415) Benidorm op 1989 1-0}) 10. Re1 O-O 11.
a3 {Since black has a heavy preferance for ...Bxc3 in any case, it would be
worth trying to do without this. However, of course then white is restricted
to plans compatible with a subsequent ...Be7.} (11. Qd3 $5) 11... Bxc3 12. bxc3
b6 13. Qd3 (13. Bb2 $5 Bb7 14. Bd3 Rc8 15. c4 $14 {[%cal Yd3h7,Yd4d5,Yb2f6]
see note to black's 9th.}) 13... Bb7 14. Ba2 $6 {Other things being equal,
white should line-up on the b1-h7 diagonal with his bishop on c2 rather than
b1, for the sake of both his development and the health of his back rank.
Jussupow preferred to bring his rook around the second rank, but his later
vulnerability to Enders' combination speak for themself.} (14. Bb3 Qd6 15. Bc2
Rfd8 16. Bb2 $5) 14... Qd6 15. Bb1 Rfd8 16. Ra2 Rac8 17. Rae2 {Knaak: 'Bis
hier hat Weiß scheinbar nichts falsch gemacht; die Läufer stehen auch auf der
Grundreihe prächtig und die Türme sowieso.'} Nb8 $1 {[%csl Rc3][%cal Gb7f3,
Gb8d7,Gd7f8,Gc8c3] A nice, simple move, which coordinates white's minor pieces
well. The noteworthy thing about Enders whole plan is that he gets the
traditional play against white's pawns c3+d4 by exchanging his bishop, rather
than as so often the f6 knight. At first sight this would seem to leave his
king-side vulnerable to sacrifices on h6, but if these do not materialise (
and they do not seem to! ) then the knight on f6 is the perfect defensive
piece. Jussupow's long rook manouevre to the third is time-consuming and
rather clumsy. Knaak: 'Ein beachtlicher Zug: Schwarz führt diesen Springer
nach f8, deckt damit das Feld h7 und entlastett den Sf6.'} 18. Re3 (18. Ne5 Qd5
19. f3 (19. Qg3 Rxc3) 19... Ba6 $17) 18... Nbd7 19. Nh4 Nf8 20. Rh3 {Knaak:
'Scheinbar ein normaler Angriffszug.'} Be4 $3 {[%csl Rb1,Rc1,Rd1,Re1,Rf1,Rh4]
[%mdl 64] Commencing a beautiful combination which devastatingly exploits
white's queen's rook's desertion of the back rank. Knaak: 'Ein echter Knaller,
der vor allem darauf basiert, daß Weiß seine Grundreihe nicht genügend decken
kann.'} 21. Rxe4 $6 ({After} 21. Qb5 a6 (21... Bxb1 {Knaak} 22. Qxb1 g5 23. Nf3
g4) 22. Qb3 Bxb1 23. Qxb1 Nd5 {black's advantage is considerable, but it is
positional rather than material!}) 21... Nxe4 22. Qxe4 Qxd4 $1 {Knaak: 'Als
ich diesem Moment vorbei schlenderte, konnte ich es kaum fassen, denn ich
hatte 4:1 auf Jussupow gesetzt, aber seine Stellung war eine Ruine.'} 23. Qxd4
(23. Qe1 Qd1 24. Kf1 (24. Re3 Rxc3 $1 {[%csl Rc1,Re1]}) 24... Qa4 $1 {Knaak:
'und mit dem falsch plazierten Turm auf h3 kann Weiß die Grundreihe nicht
richtig verteidigen.'} 25. Bd3 (25. Bd2 Qb5+) 25... Rxd3 26. Rxd3 Qxh4 $17)
23... Rxd4 24. Bc2 Rxh4 $1 {[%csl Rc1,Rc2] Knaak: 'Nur so geht es weiter, und
man beachte, daß Enders auch dieser Zug schon bei 20...Le4 berechnet haben
mußte.'} 25. Rxh4 Rxc3 26. Be3 Rxc2 $19 27. Rd4 {Jussupow continues to
struggle for some time without any real hope, presumably mostly suffering from
shock. Knaak: 'Jussupow erhofft sich etwas von der Fesselung des Sf8.'} ({
Besser} 27. Ra4 {Knaak} Rc7 28. Kf1) 27... Ra2 28. h4 Rxa3 29. Rd8 f6 30. Ra8
Ra5 {'!' Knaak.} 31. Bd2 Ra1+ 32. Kh2 Kf7 33. Rc8 h5 34. Rc7+ Kg6 35. Bb4 Nh7
36. g3 a5 37. Be7 b5 38. Ra7 a4 39. Ra5 Rb1 40. f3 Rb3 {From the games I have
seen Peter Enders has quite impressive technique. Here it is not even called
upon.} 41. Kg2 e5 42. Ra7 f5 43. Bd6 e4 44. fxe4 fxe4 45. Bc5 Rd3 46. Rb7 Rd5
47. Bb4 Nf6 48. Kf2 Nd7 49. Ke2 Kf5 50. Ra7 g6 51. Ra8 Rd3 52. Rd8 a3 53. Ra8
Rxg3 54. Bxa3 Rg2+ 55. Ke3 Ra2 56. Kd4 e3 57. Kxe3 b4 58. Ra5+ Ne5 0-1

[Event "Tilburg Fontys"]
[Site "Tilburg"]
[Date "1998.11.02"]
[Round "9"]
[White "Van Wely, Loek"]
[Black "Piket, Jeroen"]
[Result "0-1"]
[WhiteElo "2635"]
[BlackElo "2605"]
[Annotator "Wells,P"]
[PlyCount "76"]
[EventDate "1998.10.23"]
[EventType "tourn"]
[EventRounds "11"]
[EventCountry "NED"]
[EventCategory "18"]
[SourceTitle "EXT 1999"]
[Source "ChessBase"]
[SourceDate "1998.11.16"]
[SourceVersion "1"]
[SourceVersionDate "1998.11.16"]
[SourceQuality "1"]

1. d4 Nf6 2. c4 e6 3. Nc3 Bb4 4. e3 O-O 5. Bd3 c5 6. Nf3 d5 7. O-O cxd4 8. exd4
dxc4 9. Bxc4 b6 10. Bg5 Bb7 11. Re1 Nbd7 (11... Bxc3 12. bxc3 Nbd7 13. Bb3 $5
Qc7 14. Rc1 b5 15. Qd3 a6 16. Ne5 Bd5 $6 (16... Nxe5 17. dxe5 Nd7 (17... Qc6
18. Qh3 Ne4 $140 19. Rxe4 Qxe4 20. Bc2 Qxg2+ 21. Qxg2 Bxg2 22. Kxg2 $14) 18.
Qg3 $40) 17. Bc2 g6 18. Qh3 Rfc8 19. Qh4 Nxe5 20. dxe5 Nd7 21. Re3 Qc5 $2 22.
Be7 Qc7 23. Qh6 f5 24. exf6 Nf8 {1-0 Rozentalis,E-Benko,P/New York 1994/CBM 41
ext. This is about the only significant game I could find with this structure
where white chooses the square b3 for his bishop! It shows one potential
advantage, the possibility to put the queen on d3 in readiness for a king-side
attack. It might also provide one clue for the defence - it is more difficult
for white to build an attack if black does not commit his queen too early.})
12. Rc1 (12. Qd3) 12... Rc8 13. Bb3 {A very unusual square for the bishop in
this line. We have already seen in the note to black's 11th move one possible
use for this set-up, but this was rather an ideal case. Other uses are
conceivable - it is possible that after an exchange on c3, the bishop might be
used to support the push c3-c4 and d4-d5 ( although it would be doing itself
few favours in the process! ).It certainly might exert a pressure on the b3-g8
diagonal which would discourage black's ...e5 ideas in this structure. There
is also little doubt that it is well placed in the event of the retreat ...Be7
by black. However, white needs a concrete improvement against Piket's play in
the game.} (13. Bd3 {- main line}) (13. Qb3 $5) 13... a6 $5 {Black gains
control of b5, renders any Ba4 ideas rather absurd and prepares in some cases
for the more secure fixing of the c3+d4 hanging pawns which will arise from
captures on c3.} 14. Qe2 (14. Qd3 $2 Nc5) 14... h6 $1 {White's main idea seems
to be a well timed Ne5, when the bishop on b3 would be quite aggressively
placed in the event that black settles for breaking the pin with the modest ...
Be7. This move all but forces the bishop to h4, and initiates black's key
defensive idea.} 15. Bh4 Re8 {If white's idea is to be justified, he badly
needs a strong move here. Basically the aim is to defend d4 in preparation for
Ne5, since the immediate Ne5 meets with a painful refutation. The task is by
no means easy since both white's rooks are needed where they are. In my view
Piket has found a good antidote.} 16. Ne5 $2 {[%csl Rd4]} Nxe5 17. dxe5 Qd4 $1
18. Bg3 (18. Bxf6 gxf6 {does not look promising either since black is well
centralised and superior on the dark squares, whereas the bishop on b3 is now
ill-placed to exploit black's weakened king eg.} 19. Qh5 Rc5 $1 20. Rcd1 (20.
Qxh6 Qg4 $1 {[%csl Rb3,Yb7][%cal Yb7g2]} 21. Qh3 Qxh3 22. gxh3 fxe5 $15) 20...
Rxe5 21. Rxe5 Qxe5 22. Qxh6 Qg5 23. Qxg5+ fxg5 $15 24. Rd7 Re7) 18... Ne4 $1
$17 {Gradually the extent of white's back rank difficulties becomes clear.
Black enjoys a huge initiative in the centre.} 19. Qg4 (19. Red1 $5 Nxg3 (19...
Qc5 $5 20. Nxe4 $140 Qxc1 21. Rxc1 Rxc1+ 22. Bd1 Bxe4 $17) 20. hxg3 Qc5 21. a3
Qc6 $15) 19... Bxc3 20. bxc3 Rxc3 21. Rcd1 Rxg3 $1 $19 22. Qxg3 (22. hxg3 Qxf2+
23. Kh2 Nc3 $19 {[%csl Rd1,Rg2]}) 22... Qxd1 $1 23. Rxd1 Nxg3 24. hxg3 Rc8 $19
25. Rd6 b5 26. Rb6 Rc1+ 27. Kh2 Rc7 28. f4 Kf8 {The conversion of black's
extra pawn presenta no particular technical problems. A smooth destruction of
white's opening strategy.} 29. g4 Ke7 30. Kg3 Bc8 31. f5 $6 Rc5 $1 {[%csl Re5]
[%cal Ga6a5]} 32. Kf4 a5 33. Rb8 Bd7 34. Rb7 Rc1 35. a4 bxa4 36. Ba2 Rc2 37.
Bb1 Rc4+ 38. Ke3 Rb4 0-1

[Event "Poikovsky Karpov 03rd"]
[Site "Poikovsky"]
[Date "2002.04.20"]
[Round "5"]
[White "Onischuk, Alexander"]
[Black "Vescovi, Giovanni P"]
[Result "1-0"]
[WhiteElo "2641"]
[BlackElo "2611"]
[Annotator "Wells,P"]
[PlyCount "49"]
[EventDate "2002.04.16"]
[EventType "tourn"]
[EventRounds "9"]
[EventCountry "RUS"]
[EventCategory "16"]
[SourceTitle "CBM 089"]
[Source "ChessBase"]
[SourceDate "2002.08.12"]
[SourceVersion "1"]
[SourceVersionDate "2002.08.12"]
[SourceQuality "1"]

1. d4 Nf6 2. c4 e6 3. Nc3 Bb4 4. e3 O-O 5. Bd3 d5 6. Nf3 c5 7. O-O cxd4 8. exd4
dxc4 9. Bxc4 b6 10. Bg5 Bb7 11. Re1 Nbd7 12. Rc1 Rc8 13. Qb3 Bxc3 14. Rxc3 Qe8
$2 {Right idea, wrong order. Black's light-square strategy is laudable, but
only justified once the bishop has been safely driven back to h4. This was all
know to theory. A little knowledge is a dangerous thing!} (14... h6 15. Bh4 Qe8
$1 $11) 15. Nd2 h6 16. Bxh6 $1 {[%csl Gc3,Re8][%cal Gc3g3,Gc3h3][%mdl 512] The
combination of white's swinging major pieces, and the position of black's
queen, which from the point of view of defending key king-side squares is
little short of catastrophic should have made black suspicious.} gxh6 17. Rh3 {
[%cal Gb3e3,Gb3g3]} Rxc4 {A countersac which barely even slows white up. I am
sure black already knew the writing was on the wall.} 18. Nxc4 Kg7 19. Qg3+ Kh7
20. Qd3+ Kg7 21. Nd6 Qb8 22. Rxe6 $1 fxe6 23. Rg3+ Ng4 24. Rxg4+ Kf6 25. Qh7
1-0

[Event "Pamplona 9697 7th"]
[Site "Pamplona"]
[Date "1996.??.??"]
[Round "3"]
[White "Gulko, Boris F"]
[Black "Magem Badals, Jordi"]
[Result "1/2-1/2"]
[WhiteElo "2615"]
[BlackElo "2570"]
[Annotator "Yudasin,L"]
[PlyCount "93"]
[EventDate "1996.12.??"]
[EventType "tourn"]
[EventRounds "9"]
[EventCountry "ESP"]
[EventCategory "13"]
[SourceTitle "CBM 057"]
[Source "ChessBase"]
[SourceDate "1997.04.01"]
[SourceVersion "1"]
[SourceVersionDate "1997.04.01"]
[SourceQuality "1"]

1. c4 c6 2. e4 d5 3. exd5 cxd5 4. d4 Nf6 5. Nc3 e6 6. Nf3 Bb4 7. Bd3 dxc4 8.
Bxc4 O-O 9. O-O b6 10. Bg5 Bxc3 (10... Bb7 11. Ne5) (10... Ba6 11. Bxa6 Nxa6
12. Qa4 Bxc3 13. bxc3 $14) 11. bxc3 Nbd7 12. Bd3 (12. Qd3 Qc7 13. Bb3 Bb7 {
with Rac8 and h6~~}) 12... Bb7 13. Re1 Qc7 14. Rc1 (14. c4 h6 15. Bh4 Rac8)
14... Rfc8 15. Qe2 Qd6 {[%cal Gd6a3]} 16. Red1 (16. Ne5 Nxe5 17. dxe5 Qc6)
16... Rc7 $5 17. c4 (17. Bh4 Qd5 18. Bg3 Rcc8 {[%cal Gd5h5]}) 17... Re8 {
with the idea Bxf3 and e5} 18. h3 Rcc8 (18... Bxf3 19. Qxf3 e5 20. c5 $1 (20.
dxe5 Nxe5 21. Qg3 Nh5 22. Bxh7+ Kxh7 23. Rxd6 Nxg3 24. fxg3 Nxc4 $15) 20...
bxc5 21. dxc5) 19. Qe3 Qc6 (19... Bxf3 20. Qxf3 e5 21. Bf5 $1) 20. Re1 Qa4 (
20... Qd6) 21. Ne5 Nxe5 22. Qxe5 (22. dxe5 Nd7 {with Nf8 and Qc6~~}) 22... Qc6
$1 23. Qg3 (23. f3 Nd7 24. Qg3 e5) 23... Nh5 24. Qg4 (24. d5 exd5 25. Qg4 dxc4)
24... f5 $1 25. d5 $8 fxg4 $8 26. dxc6 Rxc6 27. hxg4 (27. Be4 Rc7 28. Bxb7 Rxb7
29. hxg4 Nf6 $11) 27... Nf6 28. f3 Ba6 {Xc4} 29. Rc3 {[%cal Gc3a3,Ge1c1]} b5 $1
30. Bxf6 (30. c5 $6 b4 31. Bxa6 bxc3 32. Bb5 Rec8 33. Bxc6 Rxc6 34. Be3 Nd5 35.
Bd4 Ra6 $15) 30... gxf6 31. Be4 Rxc4 (31... Rc5 $2 32. Ra3) 32. Ra3 Ra4 33.
Rxa4 bxa4 34. Bc6 Re7 35. Re4 Kf7 36. Rxa4 Bb7 $11 37. Bxb7 Rxb7 38. Kh2 e5 39.
Kg3 Kg6 {with the idea h5} 40. Ra6 Rf7 41. Kh4 Rc7 42. g5 Rc4+ 43. g4 Rf4 44.
Rxa7 (44. gxf6 Rxf6 45. Rxf6+ Kxf6 46. Kh5 e4 $1 47. fxe4 Ke5 48. Kh6 Kxe4 49.
Kxh7 Kf4 $11) 44... fxg5+ 45. Kg3 e4 46. fxe4 Rxe4 47. a4 1/2-1/2

[Event "SWE-ch"]
[Site "Linkoping"]
[Date "2001.07.11"]
[Round "10"]
[White "Brynell, Stellan"]
[Black "Eriksson, Anders"]
[Result "1/2-1/2"]
[WhiteElo "2486"]
[BlackElo "2335"]
[Annotator "Ziegler,A"]
[PlyCount "76"]
[EventDate "2001.06.30"]
[EventType "tourn"]
[EventRounds "13"]
[EventCountry "SWE"]
[EventCategory "8"]
[SourceTitle "CBM 085"]
[Source "ChessBase"]
[SourceDate "2001.11.13"]
[SourceVersion "1"]
[SourceVersionDate "2001.11.13"]
[SourceQuality "1"]

{Ibland spelar man partier där allt redan har tänkts ut av andra. Detta var
ett sådant parti. Båda spelarna kände på sig att de sett det tidigare.} 1. e4
c6 2. d4 d5 3. exd5 cxd5 4. c4 Nf6 5. Nc3 e6 6. Nf3 Bb4 7. Bd3 dxc4 8. Bxc4 O-O
9. O-O Bxc3 {Karpov brukar senarelägga slaget på c3.} 10. bxc3 Nbd7 11. Bg5 Qc7
12. Bd3 Qxc3 13. Rc1 Qa5 14. Ne5 {[#]} Nxe5 (14... Qd5 $5 15. Re1 Kh8 16. Re3
b5 {Ger oklart spel.} (16... Qxd4 17. Rc4 Qd5 18. Nxd7 Nxd7 19. Qh5 f5 20. Rh4
Kg8 21. Qxh7+ Kf7 22. Rh6 {Vit vinner. Dessa varianter står i Aagaards bok om
Panov.})) (14... b6 $6 15. Qf3 Qd5 16. Qh3 {Dolmatov.}) 15. Rc5 Qa3 16. dxe5
Qxc5 (16... Ne4 17. Rxc8 Nxg5 18. Rxa8 Rxa8 19. h4 {Och vit vinner pållen.})
17. Bxf6 gxf6 (17... Re8 18. Bxh7+ Kxh7 19. Qh5+ Kg8 20. Qg5 Qf8 21. Rd1 b6 22.
Rd4 Ba6 23. Rg4 Be2 24. Bxg7 Bxg4 25. Bxf8+ Kxf8 26. Qxg4 {Med vinstspel för
vit i Dolmatov,S - Speelman,J, Hastings 1989.}) 18. Qg4+ (18. Bxh7+ Kxh7 19.
Qh5+ Kg8 (19... Kg7 $2 20. exf6+) 20. Qg4+ Kh7 21. Qh4+ {Med remischack.})
18... Kh8 19. Qh4 f5 20. Qf6+ Kg8 21. Re1 Bd7 22. Re3 Qxe3 (22... Qc1+ 23. Bf1
Qxe3 24. fxe3 {Är en smula mer korrekt. Ställningen är Remi enligt Dolmatov.})
23. fxe3 {[#]} Rfd8 24. h4 Be8 (24... Bc6 {Ser bättre ut. Löparen kan gå till
e8 ifall vits löpare går till h5.}) 25. Be2 Rac8 26. h5 Rd2 27. Bf3 Rc1+ 28.
Kh2 Bc6 29. h6 Kf8 30. Bxc6 bxc6 31. Qh8+ Ke7 32. Qf6+ Ke8 33. Qh8+ Ke7 34. Qb8
Rcc2 35. Qxa7+ Ke8 36. Qb8+ Ke7 37. Qa7+ Ke8 38. Qb8+ Ke7 1/2-1/2